Missing Word: 'E' Names Quiz Stats

 Plays Quiz Updated Jun 20, 2018

Challenge
Share
Tweet
Embed
Score 0/24 Timer 02:00
2 Plays Today
Full Name Missing Name % Correct
_____ PresleyElvis
95%
Queen _____ IIElizabeth
93.6%
_____ DeGeneresEllen
93.3%
_____ FitzgeraldElla
85%
_____ & IvoryEbony
84.9%
My Name is _____Earl
83.8%
_____ WatsonEmma
81.2%
_____ RooseveltEleanor
78.4%
_____ Van HalenEddie
78.3%
_____ BrontëEmily
75.1%
_____ WoodElijah
72.9%
All About _____Eve
72.1%
Full Name Missing Name % Correct
Emilio _____Estevez
69.6%
_____ EstradaErik
64.6%
_____ AllenEthan
64.4%
_____ NessEliot
56.8%
_____ BunkerEdith
55%
_____ MermanEthel
54.8%
_____ HillaryEdmund
52.7%
_____ ElgarEdward
45.1%
_____ BergenEdgar
41.8%
Dale _____Evans
38.5%
_____ HubbleEdwin
22.8%
_____ GorméEydie
8.8%

Today's Daily Dose

You're not logged in!

Compare scores with friends on all Sporcle quizzes.
Join for Free
OR
Log In

You Might Also Like...

Show Comments

Extras

Top Quizzes Today


Score Distribution

Your Account Isn't Verified!

In order to create a playlist on Sporcle, you need to verify the email address you used during registration. Go to your Sporcle Settings to finish the process.

Report this User

Report this user for behavior that violates our Community Guidelines.

Details: